Southville International School and Colleges
Your cart is empty.
  • Cart
  • Lists
    Public lists Eva Luna New books Lux_list list_1
    Your lists Log in to create your own lists
  • Log in to your account
  • Your cookies
  • Search history
Southville International School and Colleges
  • Advanced search
  • Recent comments
  • Most popular
  • Libraries

Log in to your account

Log in with GOOGLE


If you do not have an external account, but do have a local account, you can still log in:

  1. Home
  2. MARC view: Skeleton crew /
Normal view MARC view ISBD view

Skeleton crew / (Record no. 103668)

[ view plain ]
MARC details
000 -LEADER
fixed length control field 00664nam a2200205 a 4500
005 - DATE AND TIME OF LATEST TRANSACTION
control field 20140412111306.0
008 - FIXED-LENGTH DATA ELEMENTS--GENERAL INFORMATION
fixed length control field 010425s19uu xx 00 eng d
020 ## - INTERNATIONAL STANDARD BOOK NUMBER
International Standard Book Number 0-688-11660-4
050 ## - LIBRARY OF CONGRESS CALL NUMBER
Classification number TR(PS E
Item number Sk2 1992
100 ## - MAIN ENTRY--PERSONAL NAME
Personal name Ahlberg, Allan
245 ## - TITLE STATEMENT
Title Skeleton crew /
Statement of responsibility, etc by Allan Ahlberg; pictures by Andre Amstutz.
260 ## - PUBLICATION, DISTRIBUTION, ETC. (IMPRINT)
Place of publication, distribution, etc New York :
Name of publisher, distributor, etc Mulberry Books,
Date of publication, distribution, etc 1992.
300 ## - PHYSICAL DESCRIPTION
Extent 1v. (unp.) ; ill.
520 ## - SUMMARY, ETC.
Summary, etc Three skeletons have a good time on their sailing vacation, until their boat is boarded by pirates.
650 ## - SUBJECT ADDED ENTRY--TOPICAL TERM
Topical term or geographic name as entry element Skeletons-Fiction
650 ## - SUBJECT ADDED ENTRY--TOPICAL TERM
Topical term or geographic name as entry element Sea stories
650 ## - SUBJECT ADDED ENTRY--TOPICAL TERM
Topical term or geographic name as entry element Vacations-Fiction
650 ## - SUBJECT ADDED ENTRY--TOPICAL TERM
Topical term or geographic name as entry element Humurous stories
Holdings
Withdrawn status Lost status Damaged status Home library Current library Shelving location Date acquired Source of acquisition Cost, normal purchase price Total Checkouts Full call number Barcode Date last seen Price effective from Koha item type
      Elizalde Library Elizalde Library Teachers Reference Section 04/25/2001   93.75   TR(PS E Sk2 1992 E5694 04/12/2014 04/12/2014 Books

Skeleton crew /

APA

Ahlberg A., . (1992). Skeleton crew. New York: Mulberry Books.

Chicago

Ahlberg Allan, . 1992. Skeleton crew. New York: Mulberry Books.

Harvard

Ahlberg A., . (1992). Skeleton crew. New York: Mulberry Books.

MLA

Ahlberg Allan, . Skeleton crew. New York: Mulberry Books. 1992.

  • Place hold
  • Print
  • Cite
  • Add to your cart (remove)
  • Save record
    BIBTEX Dublin Core MARCXML MARC (non-Unicode/MARC-8) MARC (Unicode/UTF-8) MARC (Unicode/UTF-8, Standard) MODS (XML) RIS
  • More searches
    Search for this title in:
    Other Libraries (WorldCat) Other Databases (Google Scholar) Online Stores (Bookfinder.com) Open Library (openlibrary.org)

Exporting to Dublin Core...

SOUTHVILLE LIBRARY

Southville International School and Colleges Library

1281 Tropical Ave. Cor. Luxembourg St., BF Homes International, Las Pinas City

Tel. No. 8256374 / 252358 Loc. 117/146

Powered by Koha